Online katalóg knižníc regiónu Turca

Kde bolo, tam bolo (Record no. 21481)

MARC details
000 -LEADER
fixed length control field 01472cam a2200421 a 4500
001 - CONTROL NUMBER
control field 21481
003 - CONTROL NUMBER IDENTIFIER
control field VRT
005 - DATE AND TIME OF LATEST TRANSACTION
control field 20260302135433.0
008 - FIXED-LENGTH DATA ELEMENTS--GENERAL INFORMATION
fixed length control field 240318s2015 xr a b 000 1 slo
015 ## - NATIONAL BIBLIOGRAPHY NUMBER
National bibliography number SNBZSA2016
020 ## - INTERNATIONAL STANDARD BOOK NUMBER
International Standard Book Number 9788073719081
Qualifying information (viazané)
035 ## - SYSTEM CONTROL NUMBER
System control number 2DDEBE15-7CEF-4EC9-9F73-9985940DF8F9
035 ## - SYSTEM CONTROL NUMBER
System control number urn:nbn:sk:snk-amycv9
035 ## - SYSTEM CONTROL NUMBER
System control number urn:nbn:sk:snk-am00chrc
039 #9 - LEVEL OF BIBLIOGRAPHIC CONTROL AND CODING DETAIL [OBSOLETE]
Level of rules in bibliographic description 202403182046
Level of effort used to assign nonsubject heading access points VLOAD
Level of effort used to assign subject headings 201712190749
Level of effort used to assign classification VLOAD
Level of effort used to assign subject headings 201609121808
Level of effort used to assign classification msnk131
Level of effort used to assign subject headings 201604300517
Level of effort used to assign classification VLOAD
040 ## - CATALOGING SOURCE
Original cataloging agency POKPOH
Language of cataloging slo
Transcribing agency POKPOH
Modifying agency SNK
Description conventions AACR2
041 1# - LANGUAGE CODE
Language code of text/sound track or separate title slo
Language code of original cze
044 ## - COUNTRY OF PUBLISHING/PRODUCING ENTITY CODE
MARC country code xr
ISO country code CZ
072 #7 - SUBJECT CATEGORY CODE
Subject category code 821.162.3
Subject category code subdivision Česká literatúra
Source konspekt
072 #7 - SUBJECT CATEGORY CODE
Subject category code 821-93
Subject category code subdivision Literatúra pre deti a mládež (beletria)
Source konspekt
080 ## - UNIVERSAL DECIMAL CLASSIFICATION NUMBER
Universal Decimal Classification number 821.162.3-34
Edition identifier 2011
080 ## - UNIVERSAL DECIMAL CLASSIFICATION NUMBER
Universal Decimal Classification number 82-93-053.2
Edition identifier 2011
100 1# - MAIN ENTRY--PERSONAL NAME
Personal name Pilařová, Ivana
Relationship aut
245 10 - TITLE STATEMENT
Title Kde bolo, tam bolo
Statement of responsibility, etc. [napísala: Ivana Pilařová ; preklad: Marianna Strapcová ; ilustrácie: Petr Bauer]
250 ## - EDITION STATEMENT
Edition statement 1. vyd.
260 ## - PUBLICATION, DISTRIBUTION, ETC.
Place of publication, distribution, etc. Říčany
Name of publisher, distributor, etc. SUN
Date of publication, distribution, etc. 2015
300 ## - PHYSICAL DESCRIPTION
Extent 157 s.
Other physical details ilustr.
Dimensions 30 cm
655 #7 - INDEX TERM--GENRE/FORM
Genre/form data or focus term české rozprávky
Source of term SNKPH
655 #7 - INDEX TERM--GENRE/FORM
Genre/form data or focus term publikácie pre deti
Source of term SNKPH
655 #7 - INDEX TERM--GENRE/FORM
Genre/form data or focus term Czech fairy tales
Source of term SNKPHeng
655 #7 - INDEX TERM--GENRE/FORM
Genre/form data or focus term Children's literature
Source of term SNKPHeng
700 1# - ADDED ENTRY--PERSONAL NAME
Personal name Strapcová, Marianna
Relationship trl
700 1# - ADDED ENTRY--PERSONAL NAME
Personal name Bauer, Petr,
Dates associated with a name 1963-
Relationship ill
910 ## - USER-OPTION DATA (OCLC)
User-option data pokpoh
910 ## - USER-OPTION DATA (OCLC)
User-option data snk
942 ## - ADDED ENTRY ELEMENTS (KOHA)
Source of classification or shelving scheme Dewey Decimal Classification
Koha item type Krásna literatúra pre deti
Suppress in OPAC No
949 ## - LOCAL PROCESSING INFORMATION (OCLC)
6 17A1180025
a snkSB 89556
b snk2016/3595
o Pemic14-ah/14Int. č. fa – 3/2016
s 6100:20161212
Holdings
Stav vyradenia Strata Poškodenie Spôsob nadobudnutia Domovská knižnica Aktuálna knižnica Dátum nadobudnutia Total checkouts Čiarový kód exemplára Date last seen Typ exemplára
      Dar Obecná knižnica Turčianska Štiavnička Obecná knižnica Turčianska Štiavnička 02.03.2026   4738000180 02.03.2026 Krásna literatúra pre deti
Projekt je podporený Slovenskou asociáciou knižníc
Prevádzkuje Turčianska knižnica Martin 2026